[Event "Tradewise Gibraltar"]
[Site "Catalan Bay GIB"]
[Date "2014.02.02"]
[EventDate "2014.01.28"]
[Round "6.37"]
[Result "1-0"]
[White "Sarah Hoolt"]
[Black "Marie Sebag"]
[WhiteElo "2331"]
[BlackElo "2501"]
[PlyCount "99"]

1. e4 c5 2. Nf3 d6 3. d4 cxd4 4. Nxd4 Nf6 5. Nc3 a6 6. h3 e5
7. Nde2 h5 8. Bg5 Be6 9. g3 Nbd7 10. Bg2 b5 11. O-O Be7
12. Be3 Nb6 13. b3 Rc8 14. a4 b4 15. a5 Nbd7 16. Na4 Nc5
17. Nb6 Rb8 18. Bxc5 dxc5 19. Qc1 h4 20. c4 hxg3 21. Nxg3 Bxh3
22. Rd1 Qc7 23. Bxh3 Rxh3 24. Kg2 Rh8 25. Rh1 Rg8 26. Qe3 g6
27. Rad1 Rd8 28. Rxd8+ Bxd8 29. Rd1 Be7 30. Qh6 Bf8 31. Qh3
Qc6 32. Nd5 Nxd5 33. Rxd5 Qe6 34. Qh7 f6 35. f3 Be7 36. Nf1
Kf8 37. Ne3 Rg7 38. Qh8+ Kf7 39. Ng4 Bf8 40. Rd8 Rg8 41. Nh6+
Ke7 42. Nxg8+ Kxd8 43. Nxf6 Qd6 44. Nd5 g5 45. Qg8 Qh6 46. Ne3
Ke8 47. Nf5 Qf6 48. Kg3 Kd7 49. Kg4 Be7 50. Qh7 1-0

[Event "Tradewise Gibraltar"]
[Site "Catalan Bay GIB"]
[Date "2014.02.03"]
[EventDate "2014.01.28"]
[Round "7.52"]
[Result "1-0"]
[White "Marie Sebag"]
[Black "Petter Haugli"]
[WhiteElo "2501"]
[BlackElo "2278"]
[PlyCount "121"]

1. e4 c5 2. Nf3 e6 3. c3 d5 4. exd5 exd5 5. d4 Nc6 6. Bb5 Bd6
7. dxc5 Bxc5 8. O-O Ne7 9. Nbd2 O-O 10. Nb3 Bb6 11. Re1 Nf5
12. Bd3 Qd6 13. Bxf5 Bxf5 14. Be3 Bxe3 15. Rxe3 Bg4 16. Nbd4
Rfe8 17. Qe2 Bd7 18. Re1 Rxe3 19. Qxe3 h6 20. Nb5 Qg6 21. Nc7
Rc8 22. Nxd5 Re8 23. Qc1 Rxe1+ 24. Nxe1 Qe4 25. Ne3 Ne5
26. Qc2 Qf4 27. Nd3 Nxd3 28. Qxd3 Be6 29. a3 a6 30. Qd4 Qc7
31. c4 Qc6 32. h3 Qa4 33. Qc3 Qc6 34. Qd4 Qa4 35. Qd8+ Kh7
36. Qd3+ Kg8 37. b4 Qc6 38. Qc3 Qe4 39. c5 f5 40. Qc2 Qd4
41. Nxf5 Qa1+ 42. Kh2 Qxa3 43. Nd4 Bd5 44. Qf5 Qa2 45. Qe5 g6
46. Qf6 Bf7 47. b5 axb5 48. Nxb5 Qe6 49. Qf4 g5 50. Qc7 Qf6
51. f3 Qe6 52. Nc3 Qf5 53. Ne4 Kg7 54. Qd6 Qf4+ 55. Qxf4 gxf4
56. g3 fxg3+ 57. Kxg3 Bd5 58. Kf4 Kg6 59. Ke5 Bc6 60. f4 Bd7
61. h4 1-0

[Event "Tradewise Gibraltar"]
[Site "Catalan Bay GIB"]
[Date "2014.02.04"]
[EventDate "2014.01.28"]
[Round "8.35"]
[Result "1/2-1/2"]
[White "Johan Salomon"]
[Black "Marie Sebag"]
[WhiteElo "2308"]
[BlackElo "2501"]
[PlyCount "192"]

1. c4 c6 2. d4 d5 3. Nf3 Nf6 4. Nc3 e6 5. Bg5 h6 6. Bxf6 Qxf6
7. e3 g6 8. Bd3 Bg7 9. e4 dxc4 10. Bxc4 Nd7 11. e5 Qe7 12. O-O
O-O 13. Qe2 Rd8 14. Rfe1 b5 15. Bd3 Bb7 16. Be4 Rab8 17. Rac1
a6 18. Qe3 Nb6 19. Nd2 Nd7 20. Nb3 Ba8 21. Ne2 Rdc8 22. Qf3
Nb6 23. Nc5 Nc4 24. Nxa6 Rb6 25. Nc5 Qa7 26. Qg4 h5 27. Qg5
Re8 28. b3 Na3 29. Nf4 Qe7 30. Qxe7 Rxe7 31. Nfd3 b4 32. Na4
Rb8 33. Red1 Bh6 34. Rc5 Rd7 35. Ne1 Rbd8 36. Nf3 g5 37. Nb6
Ra7 38. Nxa8 Raxa8 39. Bxc6 Rac8 40. Bd7 Rb8 41. Ba4 g4
42. Ne1 Bf8 43. Rc6 Nb5 44. Bxb5 Rxb5 45. f4 gxf3 46. Nxf3 Bh6
47. Re1 Ra8 48. Re2 Rba5 49. Rcc2 Kf8 50. Kf1 Ke8 51. g3 Bf8
52. Kf2 Bh6 53. h3 Kd7 54. Ne1 Rd5 55. Rc4 Rda5 56. Nd3 Rxa2
57. Nc5+ Ke7 58. Rxb4 Ra1 59. Ra4 R8xa4 60. bxa4 Kd8 61. Rb2
Kc7 62. Rb7+ Kc6 63. Rxf7 Ra2+ 64. Kf3 Ra3+ 65. Kg2 Be3
66. Nxe6 Kd5 67. Nc7+ Ke4 68. Rf1 Ra2+ 69. Kh1 Bxd4 70. e6 Bc5
71. Nb5 Rb2 72. Nc3+ Kd4 73. Nd1 Re2 74. Nf2 Bd6 75. Kg2 Rxe6
76. Rd1+ Kc4 77. Rd3 Bc5 78. Rf3 Re2 79. Rf4+ Bd4 80. h4 Ra2
81. Rf5 Bb6 82. Kf1 Ra1+ 83. Kg2 Ra2 84. a5 Bc5 85. a6 Bd4
86. Rf7 Bc5 87. Rf5 Bd4 88. Rf7 Bc5 89. Kf1 Ra1+ 90. Ke2 Ra2+
91. Ke1 Rxa6 92. Nh3 Ra1+ 93. Ke2 Ra2+ 94. Kf3 Ra3+ 95. Kg2
Ra2+ 96. Kf3 Ra3+ 1/2-1/2

[Event "Tradewise Gibraltar"]
[Site "Catalan Bay GIB"]
[Date "2014.02.05"]
[EventDate "2014.01.28"]
[Round "9.43"]
[Result "1/2-1/2"]
[White "Marie Sebag"]
[Black "Dennis Kaczmarczyk"]
[WhiteElo "2501"]
[BlackElo "2358"]
[PlyCount "91"]

1. e4 e6 2. d4 d5 3. Nd2 c5 4. exd5 Qxd5 5. Ngf3 cxd4 6. Bc4
Qd6 7. O-O Nf6 8. Nb3 Nc6 9. Nbxd4 Nxd4 10. Nxd4 a6 11. Re1
Qc7 12. Qe2 h6 13. h3 Bc5 14. Nb3 Bd6 15. Bd3 O-O 16. c4 Bh2+
17. Kh1 Bf4 18. Nd2 Rd8 19. Ne4 Nd7 20. Nc3 Bxc1 21. Raxc1 Nf6
22. Ne4 Nxe4 23. Qxe4 g6 24. Qe3 Kg7 25. Bb1 Bd7 26. b4 Be8
27. Qc3+ Kg8 28. Qe3 Kg7 29. a3 Rd7 30. Qc3+ Kg8 31. Be4 Rad8
32. Qf3 Rd4 33. Bxb7 Rxc4 34. Rxc4 Qxc4 35. Qe3 Rd3 36. Rc1
Rxe3 37. Rxc4 Re1+ 38. Kh2 Bb5 39. Rc8+ Kg7 40. a4 Bxa4
41. Bxa6 Rb1 42. Rb8 Bc6 43. Bc4 Rc1 44. Ba6 Rb1 45. Bc4 Rc1
46. Ba6 1/2-1/2

[Event "Tradewise Gibraltar"]
[Site "Catalan Bay GIB"]
[Date "2014.02.06"]
[EventDate "2014.01.28"]
[Round "10.41"]
[Result "0-1"]
[White "Jovana Rapport"]
[Black "Marie Sebag"]
[WhiteElo "2335"]
[BlackElo "2501"]
[PlyCount "50"]

1. c4 c6 2. e4 d5 3. cxd5 cxd5 4. exd5 Nf6 5. Bb5+ Nbd7 6. Nf3
a6 7. Ba4 b5 8. Bb3 Bb7 9. O-O Bxd5 10. d4 e6 11. Nc3 Bxb3
12. axb3 b4 13. Nb1 Be7 14. Qe2 Qc8 15. Nbd2 O-O 16. Nc4 Nd5
17. Bd2 Qb7 18. Rfc1 Rfc8 19. Ng5 Nf8 20. Qh5 Bxg5 21. Qxg5
Ng6 22. Qg3 Rd8 23. Bg5 Nde7 24. Ra4 h6 25. Be3 Nf5 0-1

[Event "Chess Olympiad (Women)"]
[Site "Tromso NOR"]
[Date "2014.08.03"]
[EventDate "2014.08.02"]
[Round "2.20"]
[Result "1/2-1/2"]
[White "Marie Sebag"]
[Black "Batkhuyag Munguntuul"]
[WhiteElo "2480"]
[BlackElo "2410"]
[PlyCount "86"]

1. e4 c5 2. Nf3 e6 3. d4 cxd4 4. Nxd4 Nc6 5. Nc3 Qc7 6. Be2
Nf6 7. O-O a6 8. Be3 Bb4 9. Na4 O-O 10. c4 Bd6 11. g3 Nxe4
12. Bf3 f5 13. c5 Be5 14. Rc1 Nxd4 15. Bxd4 d5 16. cxd6 Qxd6
17. Bxe5 Qxe5 18. Nb6 Rb8 19. Bxe4 fxe4 20. Rc3 Qf6 21. Qc2 e3
22. Rxe3 e5 23. Nxc8 Rbxc8 24. Qe4 b5 25. b3 Rc5 26. Kg2 h6
27. a3 Qf7 28. h4 Rd5 29. b4 Rd2 30. Re2 Rxe2 31. Qxe2 Qb3
32. Qxe5 Qxa3 33. Qd5+ Kh8 34. Qd4 a5 35. bxa5 Qxa5 36. Rb1
Qa8+ 37. Kg1 Qc6 38. Qb4 Qf3 39. Qc5 Rf5 40. Qc8+ Rf8 41. Qc5
Rf5 42. Qc8+ Rf8 43. Qc5 Rf5 1/2-1/2

[Event "Chess Olympiad (Women)"]
[Site "Tromso NOR"]
[Date "2014.08.04"]
[EventDate "2014.08.02"]
[Round "3.3"]
[Result "1/2-1/2"]
[White "Kateryna Lahno"]
[Black "Marie Sebag"]
[WhiteElo "2540"]
[BlackElo "2480"]
[PlyCount "61"]

1. e4 c5 2. Nf3 d6 3. Bb5+ Nd7 4. d4 cxd4 5. Qxd4 a6 6. Bxd7+
Bxd7 7. c4 Bg4 8. Nfd2 Nf6 9. Nc3 e6 10. h3 Bh5 11. b3 Be7
12. Bb2 Qc7 13. Rc1 Rd8 14. Nf1 O-O 15. g4 Bg6 16. Ng3 d5
17. cxd5 Bc5 18. Qd2 exd5 19. Nxd5 Nxd5 20. exd5 Qd6 21. Rd1
f5 22. gxf5 Bxf5 23. Qg5 Rde8+ 24. Kf1 Bg6 25. Bd4 Bxd4
26. Rxd4 Re5 27. Qd2 Rd8 28. Kg2 Rxd5 29. Rxd5 Qxd5+ 30. Qxd5+
Rxd5 31. Rc1 1/2-1/2

[Event "Chess Olympiad (Women)"]
[Site "Tromso NOR"]
[Date "2014.08.06"]
[EventDate "2014.08.02"]
[Round "5.8"]
[Result "1/2-1/2"]
[White "Marie Sebag"]
[Black "Elisabeth Paehtz"]
[WhiteElo "2480"]
[BlackElo "2464"]
[PlyCount "112"]

1. e4 c5 2. Nf3 d6 3. d4 Nf6 4. Nc3 cxd4 5. Nxd4 a6 6. Bg5
Nbd7 7. Bc4 Qb6 8. Bb3 e6 9. Qd2 Be7 10. O-O-O Nc5 11. f3 O-O
12. g4 Qc7 13. Kb1 b5 14. a3 Rb8 15. h4 Bd7 16. Bxf6 Bxf6
17. g5 Be7 18. h5 a5 19. g6 Nxb3 20. cxb3 h6 21. Nce2 d5
22. exd5 exd5 23. Rhg1 fxg6 24. Rxg6 Qe5 25. Qxh6 Bf6 26. Ka1
Rbc8 27. Qd2 Qxh5 28. Rgg1 Rfe8 29. Nf4 Qe5 30. Ng6 Qe3
31. Qxe3 Rxe3 32. Nf4 Re5 33. Ka2 a4 34. bxa4 bxa4 35. Nd3 Rh5
36. Nf4 Rh4 37. Nfe2 Rc4 38. f4 Rh2 39. Rd3 Bf5 40. Nxf5 Rxe2
41. Rb1 Rcc2 42. Nd4 Red2 43. Rxd2 Rxd2 44. Ne6 Rc2 45. f5 Be5
46. Ng5 Kf8 47. Nf3 Bf6 48. Ne1 Rd2 49. Nf3 Rf2 50. Ne1 Bd4
51. Nd3 Rd2 52. Ne1 Bf6 53. Nf3 Rf2 54. Ne1 Rxf5 55. Nd3 g5
56. Nc5 Kf7 1/2-1/2

[Event "Chess Olympiad (Women)"]
[Site "Tromso NOR"]
[Date "2014.08.08"]
[EventDate "2014.08.02"]
[Round "6.5"]
[Result "0-1"]
[White "Eva Repkova"]
[Black "Marie Sebag"]
[WhiteElo "2358"]
[BlackElo "2480"]
[PlyCount "44"]

1. e4 c5 2. b3 g6 3. Bb2 Nf6 4. e5 Nd5 5. Qf3 Nc7 6. h4 Ne6
7. h5 Bh6 8. Bc4 Nc6 9. Qe4 Ned4 10. hxg6 hxg6 11. Qf4 d5
12. exd6 Qxd6 13. Qxf7+ Kd7 14. Kf1 b5 15. Bxb5 Bb7 16. Na3
Raf8 17. Qc4 Kc8 18. Ba6 Ne5 19. Bxb7+ Kxb7 20. Qc3 Bxd2
21. Qxd2 Rxh1 22. Rd1 Rxg1+ 0-1

[Event "Chess Olympiad (Women)"]
[Site "Tromso NOR"]
[Date "2014.08.09"]
[EventDate "2014.08.02"]
[Round "7.3"]
[Result "0-1"]
[White "Monika (Bobrowska) Socko"]
[Black "Marie Sebag"]
[WhiteElo "2470"]
[BlackElo "2480"]
[PlyCount "76"]

1. e4 c5 2. Nf3 d6 3. d4 cxd4 4. Qxd4 Nf6 5. Bg5 Nc6 6. Bb5
Qa5+ 7. Nc3 Qxb5 8. Nxb5 Nxd4 9. Nfxd4 Nxe4 10. Nc7+ Kd8
11. Nxa8 Nxg5 12. Nb5 a6 13. Nc3 b5 14. Nb6 Bb7 15. O-O e6
16. h4 Ne4 17. Nxe4 Bxe4 18. a4 Kc7 19. axb5 Kxb6 20. Rxa6+
Kc7 21. b6+ Kb8 22. Ra4 Bc6 23. Ra7 Bb7 24. Rfa1 d5 25. c4 Bc5
26. R7a5 Rc8 27. Rb5 dxc4 28. Rd1 Bd5 29. Ra1 Rc6 30. Ra6 c3
31. bxc3 Bc4 32. Rxc5 Rxc5 33. Ra7 e5 34. Re7 Be6 35. b7 Rc7
36. Re8+ Kxb7 37. Rh8 h6 38. Kh2 Rc8 0-1

[Event "Chess Olympiad (Women)"]
[Site "Tromso NOR"]
[Date "2014.08.10"]
[EventDate "2014.08.02"]
[Round "8.4"]
[Result "1/2-1/2"]
[White "Marie Sebag"]
[Black "Anna Zatonskih"]
[WhiteElo "2480"]
[BlackElo "2466"]
[PlyCount "81"]

1. e4 e6 2. d4 d5 3. Nd2 a6 4. Ngf3 c5 5. exd5 exd5 6. dxc5
Bxc5 7. Nb3 Bb6 8. Qe2+ Qe7 9. Nfd4 Qxe2+ 10. Bxe2 Ne7 11. Be3
Bc7 12. O-O O-O 13. Rfe1 Nd7 14. Rad1 Nb6 15. Nf3 Rd8 16. Bf1
Ng6 17. h3 Rb8 18. c3 Na4 19. Rd2 b5 20. Nc5 Nxc5 21. Bxc5 Bb7
22. g3 Rbc8 23. Bd4 Re8 24. Rde2 Bc6 25. Rxe8+ Rxe8 26. Rxe8+
Bxe8 27. Bg2 Bc6 28. Be3 Bb7 29. Nd4 Ne5 30. Nf5 Bd8 31. Bd4
Nd3 32. Nxg7 Nxb2 33. Nh5 Nd3 34. Nf6+ Bxf6 35. Bxf6 Nc1
36. a3 Nb3 37. f4 Kf8 38. Kf2 Nd2 39. Bd4 Ne4+ 40. Bxe4 dxe4
41. g4 1/2-1/2

[Event "Chess Olympiad (Women)"]
[Site "Tromso NOR"]
[Date "2014.08.11"]
[EventDate "2014.08.02"]
[Round "9.3"]
[Result "1/2-1/2"]
[White "Marie Sebag"]
[Black "Yifan Hou"]
[WhiteElo "2480"]
[BlackElo "2661"]
[PlyCount "97"]

1. e4 c5 2. Nf3 d6 3. d4 Nf6 4. dxc5 Nxe4 5. cxd6 Nc6 6. dxe7
Qxd1+ 7. Kxd1 Nxf2+ 8. Ke1 Nxh1 9. exf8=Q+ Rxf8 10. Bd3 Bg4
11. Be3 O-O-O 12. Nc3 f5 13. Kf1 Rfe8 14. Bg5 Rd7 15. Kg1 Bxf3
16. gxf3 Ne5 17. Kxh1 Nxd3 18. cxd3 Rxd3 19. Rf1 Kd7 20. Kg2
b5 21. a3 a5 22. Kf2 h6 23. Bc1 b4 24. axb4 axb4 25. Rd1 Rxd1
26. Nxd1 Kc6 27. Bd2 Kb5 28. Ne3 Ra8 29. b3 Ra2 30. Nc4 Kc5
31. Ke3 Ra1 32. Kf4 Rb1 33. Be3+ Kd5 34. Nd2 Re1 35. Nc4 Ke6
36. h4 Rb1 37. Nd2 Rb2 38. h5 Rc2 39. Nc4 Rh2 40. Bd4 Rh4+
41. Ke3 Rxh5 42. Bxg7 Rh1 43. Bf8 h5 44. Kf2 h4 45. Kg2 Rd1
46. Bxb4 Rd3 47. Nd2 Rd4 48. Bc3 Rd3 49. Bb4 1/2-1/2

[Event "Chess Olympiad (Women)"]
[Site "Tromso NOR"]
[Date "2014.08.12"]
[EventDate "2014.08.02"]
[Round "10.6"]
[Result "1-0"]
[White "Guliskhan Nakhbayeva"]
[Black "Marie Sebag"]
[WhiteElo "2336"]
[BlackElo "2480"]
[PlyCount "115"]

1. d4 d5 2. c4 c6 3. Nc3 Nf6 4. e3 e6 5. Nf3 Nbd7 6. Bd3 dxc4
7. Bxc4 b5 8. Bd3 Bd6 9. O-O O-O 10. Bd2 Bb7 11. Rc1 Rc8
12. a3 a5 13. e4 e5 14. dxe5 Nxe5 15. Nxe5 Bxe5 16. Qe2 Re8
17. Rfd1 Qe7 18. f3 h6 19. Be3 Nh5 20. Qf2 Nf4 21. Bf1 Qe6
22. Rc2 Rcd8 23. Rcd2 Qf6 24. Bd4 Bxd4 25. Rxd4 Ne6 26. Rd7
Bc8 27. R7d6 b4 28. axb4 axb4 29. Na4 Qg5 30. g3 Qe7 31. e5
Ng5 32. Nc5 Nh3+ 33. Bxh3 Bxh3 34. g4 Ra8 35. Nd3 Qg5 36. Qg3
Qe3+ 37. Kh1 c5 38. Qxh3 b3 39. Re1 Qd2 40. Qg2 Qa5 41. Rc1
Rac8 42. Rd5 Red8 43. Rdxc5 Rxc5 44. Nxc5 Qb4 45. Ne4 Qd4
46. Qe2 Qxe5 47. Rc3 Qd5 48. Kg2 h5 49. Qc4 Qe5 50. h3 Qf4
51. Qc7 Rd2+ 52. Nxd2 Qxd2+ 53. Kg3 g5 54. gxh5 Qe1+ 55. Kg4
Kg7 56. h6+ Kxh6 57. Qd6+ Kh7 58. Qd3+ 1-0

[Event "Chess Olympiad (Women)"]
[Site "Tromso NOR"]
[Date "2014.08.14"]
[EventDate "2014.08.02"]
[Round "11.10"]
[Result "1/2-1/2"]
[White "Marie Sebag"]
[Black "Natascha Bojkovic"]
[WhiteElo "2480"]
[BlackElo "2425"]
[PlyCount "97"]

1. e4 c5 2. Nf3 e6 3. c3 Nf6 4. e5 Nd5 5. d4 cxd4 6. cxd4 d6
7. Bc4 Be7 8. O-O O-O 9. Qe2 b6 10. Bd3 dxe5 11. dxe5 Nd7
12. Rd1 Bb7 13. Bd2 Nc5 14. Bc4 Qc7 15. Na3 Rad8 16. Nb5 Qb8
17. Nbd4 Rc8 18. h4 Ne4 19. Qxe4 Rxc4 20. Qg4 Rd8 21. b3 Rc5
22. h5 Kh8 23. h6 Rg8 24. Qh5 g6 25. Qg4 Qc8 26. Bg5 Qd7
27. Ne2 Rgc8 28. Ng3 Qe8 29. Ne4 Rc2 30. Qh4 Bxg5 31. Nfxg5
Qe7 32. Nd6 Rf8 33. Ngxf7+ Kg8 34. Qxe7 Nxe7 35. Nxb7 Rxf7
36. Rd8+ Rf8 37. Rxf8+ Kxf8 38. Nd8 Nf5 39. Nxe6+ Ke7 40. Ng5
Nxh6 41. Rd1 Ng4 42. Nxh7 Rxa2 43. Ng5 Nxe5 44. Re1 Kf6
45. Ne4+ Kf5 46. Ng3+ Kf6 47. Ne4+ Kf5 48. Ng3+ Kf6 49. Ne4+
1/2-1/2

[Event "FIDE Women's World Chess Championship"]
[Site "Sochi RUS"]
[Date "2015.03.23"]
[EventDate "2015.03.17"]
[Round "3.1"]
[Result "1-0"]
[White "Marie Sebag"]
[Black "Natalia Pogonina"]
[WhiteElo "2482"]
[BlackElo "2456"]
[PlyCount "177"]

1. e4 e5 2. Nf3 Nc6 3. Bb5 Nf6 4. d3 Bc5 5. O-O Nd4 6. Nxd4
Bxd4 7. c3 Bb6 8. Na3 c6 9. Ba4 O-O 10. Bg5 h6 11. Bh4 Bc7
12. Bc2 b5 13. d4 d6 14. Bd3 g5 15. Bg3 Qe7 16. Re1 Bb6
17. Nc2 Bd7 18. h3 Rfd8 19. Qf3 Ne8 20. Rad1 Ng7 21. Bf1 Bc7
22. c4 a6 23. Ne3 Re8 24. b4 Rad8 25. d5 Rf8 26. dxc6 Bxc6
27. cxb5 axb5 28. Bxb5 Ba8 29. Bc4 Bb6 30. Ng4 Kh7 31. Nf6+
Kg6 32. Nd5 Bxd5 33. Rxd5 Ne6 34. Qf5+ Kg7 35. h4 Nd4 36. Qg4
Rc8 37. Bd3 Rc3 38. Rd1 Ra8 39. Bb1 Rc4 40. Kh2 Rxb4 41. f4
exf4 42. Bxf4 Qe6 43. Qxe6 fxe6 44. Bxd6 exd5 45. Bxb4 dxe4
46. Bc3 Ra4 47. Bxe4 gxh4 48. Rb1 Bc7+ 49. Kh3 Be5 50. Bd5 Kf6
51. Rb4 Ra3 52. Bb3 Nxb3 53. Bxe5+ Kxe5 54. axb3 Ra2 55. Rxh4
Rb2 56. Rb4 Kf5 57. g4+ Kg6 58. Kg3 Rb1 59. Kf4 Rf1+ 60. Ke5
Rb1 61. Kf4 Rf1+ 62. Kg3 Rg1+ 63. Kf3 Rf1+ 64. Kg2 Rd1 65. Rb5
Rd3 66. b4 Rb3 67. Kf2 Kf6 68. Rf5+ Kg6 69. b5 Kg7 70. Rc5 Kg6
71. Rd5 Kf6 72. Rc5 Kg6 73. Ke2 Kf6 74. Rf5+ Kg6 75. Kd2 Rb4
76. Kc3 Rxg4 77. Rc5 Rg1 78. Kb4 Rb1+ 79. Ka5 Ra1+ 80. Kb6 h5
81. Kc7 h4 82. b6 h3 83. b7 h2 84. b8=Q h1=Q 85. Qg8+ Kh6
86. Rc6+ Kh5 87. Qg6+ Kh4 88. Rc4+ Kh3 89. Qg4+ 1-0

[Event "European Team Championship (Women)"]
[Site "Reykjavik ISL"]
[Date "2015.11.15"]
[EventDate "2015.11.13"]
[Round "3.4"]
[Result "0-1"]
[White "Zhaoqin Peng"]
[Black "Marie Sebag"]
[WhiteElo "2383"]
[BlackElo "2496"]
[PlyCount "88"]

1. d4 d5 2. c4 c6 3. Nc3 Nf6 4. e3 e6 5. Nf3 Nbd7 6. Qc2 Bd6
7. b3 O-O 8. Bb2 e5 9. dxe5 Nxe5 10. O-O-O Qe7 11. Nxe5 Bxe5
12. cxd5 cxd5 13. Nxd5 Nxd5 14. Rxd5 Bf6 15. Bxf6 Qxf6 16. Kb1
Be6 17. Rd4 Rac8 18. Qd2 Bf5+ 19. Bd3 Bxd3+ 20. Rxd3 Qg6
21. g3 a5 22. Rc1 Rcd8 23. Rc3 b5 24. Qc2 Rb8 25. Rd4 Qe6
26. Rc6 Qh3 27. Kb2 g6 28. Rc7 Qxh2 29. Rf4 Qg1 30. Qc3 b4
31. Qc4 Rbd8 32. Qc2 Qe1 33. Rd4 Rxd4 34. exd4 Kg7 35. Qd3
Qxf2+ 36. Rc2 Qf6 37. a3 Rd8 38. Rd2 bxa3+ 39. Kxa3 Qd6+
40. Kb2 a4 41. d5 axb3 42. Qd4+ Kg8 43. Rd3 Ra8 44. Rxb3 Qa6
0-1

[Event "5th Karpov Trophy Prelim"]
[Site "Cap d'Agde FRA"]
[Date "2016.10.21"]
[EventDate "2016.10.21"]
[Round "2.2"]
[Result "1/2-1/2"]
[White "Marie Sebag"]
[Black "Anna Muzychuk"]
[WhiteElo "2488"]
[BlackElo "2561"]
[PlyCount "62"]

1. e4 c5 2. Nf3 Nc6 3. Bb5 g6 4. O-O Bg7 5. Re1 Nf6 6. e5 Nd5
7. Nc3 Nc7 8. Bxc6 dxc6 9. Ne4 Ne6 10. d3 O-O 11. Be3 b6
12. Qd2 Nd4 13. Nxd4 cxd4 14. Bh6 c5 15. a3 Qd5 16. Bxg7 Kxg7
17. Qg5 Qe6 18. f4 h6 19. Qh4 a5 20. Ng3 Ra7 21. h3 f5
22. exf6+ Qxf6 23. Qxf6+ exf6 24. Re4 h5 25. Rae1 Rc7 26. h4
Kf7 27. a4 Rd8 28. b3 Bg4 29. Rf1 Bf5 30. Nxf5 gxf5 31. Re2
Re8 1/2-1/2

[Event "5th Karpov Trophy Prelim"]
[Site "Cap d'Agde FRA"]
[Date "2016.10.22"]
[EventDate "2016.10.21"]
[Round "3.1"]
[Result "1-0"]
[White "Etienne Bacrot"]
[Black "Marie Sebag"]
[WhiteElo "2692"]
[BlackElo "2488"]
[PlyCount "135"]

1. d4 d5 2. c4 c6 3. Nf3 Nf6 4. Nc3 e6 5. Bg5 h6 6. Bxf6 Qxf6
7. e3 g6 8. Bd3 Bg7 9. O-O O-O 10. e4 dxc4 11. Bxc4 Nd7 12. e5
Qe7 13. Re1 b5 14. Bd3 Rb8 15. Rc1 c5 16. Bxb5 Bb7 17. Bxd7
Bxf3 18. Qxf3 cxd4 19. Ba4 dxc3 20. Qxc3 Rb4 21. b3 Rd8 22. g3
Rbd4 23. Qc7 Qg5 24. Kg2 Rd2 25. Rc3 R8d3 26. Rxd3 Rxd3
27. Re4 Qh5 28. Rf4 g5 29. Qc8+ Bf8 30. Rf6 g4 31. Qc2 Qxe5
32. Rg6+ fxg6 33. Qxd3 Qd5+ 34. Qxd5 exd5 35. Bd7 Kg7 36. Bxg4
Kf6 37. Kf1 Bc5 38. Ke2 g5 39. f4 gxf4 40. gxf4 Bd6 41. Kf3 a5
42. Bc8 Bc7 43. h3 Bd6 44. Bb7 Ke6 45. Kg4 Bb4 46. Kh5 Bd2
47. Kxh6 Bxf4+ 48. Kg6 Ke5 49. h4 d4 50. h5 d3 51. Bf3 Kd4
52. h6 Kc3 53. h7 Be5 54. Kf5 Bh8 55. Ke4 d2 56. Ke3 Kc2
57. Bg4 Bg7 58. Bh5 Bh8 59. Bg4 Bg7 60. Be2 Bh8 61. Bf3 Bg7
62. Ke4 Bc3 63. Kd5 Kd3 64. a3 Ke3 65. Bd1 Kf4 66. b4 axb4
67. axb4 Kg5 68. b5 1-0

[Event "5th Karpov Trophy Prelim"]
[Site "Cap d'Agde FRA"]
[Date "2016.10.22"]
[EventDate "2016.10.21"]
[Round "4.3"]
[Result "1-0"]
[White "Marie Sebag"]
[Black "Romain Edouard"]
[WhiteElo "2488"]
[BlackElo "2628"]
[PlyCount "161"]

1. e4 c5 2. Nf3 d6 3. d4 cxd4 4. Qxd4 Nf6 5. Bg5 Bd7 6. Bxf6
gxf6 7. Nc3 Nc6 8. Qe3 h5 9. Bc4 e6 10. O-O a6 11. Rad1 Qc7
12. Bb3 O-O-O 13. Nd2 Kb8 14. f4 Na5 15. Kh1 h4 16. h3 Rg8
17. Qf2 Be7 18. Qxh4 Bc6 19. f5 Rg7 20. Nf3 Nxb3 21. axb3 Rdg8
22. Rd2 Qa5 23. Qf4 Qc5 24. Re1 Rg3 25. Nd4 Bd7 26. Qf1 Bd8
27. Nf3 Ba5 28. Qf2 Bc6 29. Qxc5 dxc5 30. fxe6 fxe6 31. Rf2 f5
32. Ne5 Bxe4 33. Rxe4 fxe4 34. Nxe4 Re3 35. Nf6 Rg5 36. Nd3
Ka7 37. Ng4 Re4 38. g3 Bb6 39. Rd2 Rd5 40. Kg2 c4 41. Nf6 Red4
42. bxc4 Rf5 43. Ng4 Rxc4 44. Re2 Rd5 45. Nge5 Ra4 46. b3 Ra1
47. h4 Rd8 48. g4 a5 49. Nf3 a4 50. bxa4 Rxa4 51. g5 Rf8
52. Nde5 Bc7 53. c4 Ra3 54. g6 Rh8 55. Nf7 Rg8 56. h5 Ra5
57. N3e5 Kb6 58. Kf3 Ra1 59. h6 Rf1+ 60. Ke4 Rh1 61. h7 Rxg6
62. Nxg6 Rxh7 63. Nfe5 Bd8 64. Nf4 Bf6 65. Nxe6 Ka5 66. Kd5
Kb4 67. c5 Rh5 68. Re4+ Ka5 69. Kd6 Ka6 70. Nd7 Bh4 71. Ne5
Bf2 72. Nf4 Rh1 73. Nfd3 Rd1 74. Ra4+ Kb5 75. Rb4+ Ka6
76. Rb6+ Ka7 77. Kc7 Ka8 78. Rb3 Bxc5 79. Nxc5 Ra1 80. Ned7
Ka7 81. Rxb7+ 1-0

[Event "5th Karpov Trophy Prelim"]
[Site "Cap d'Agde FRA"]
[Date "2016.10.23"]
[EventDate "2016.10.21"]
[Round "6.4"]
[Result "1/2-1/2"]
[White "Marie Sebag"]
[Black "Dronavalli Harika"]
[WhiteElo "2488"]
[BlackElo "2528"]
[PlyCount "108"]

1. e4 c5 2. Nf3 e6 3. c3 Nf6 4. e5 Nd5 5. d4 cxd4 6. cxd4 d6
7. Bc4 Be7 8. O-O O-O 9. Qe2 b6 10. Bd2 Bb7 11. Nc3 Nxc3
12. Bxc3 Nd7 13. Rad1 dxe5 14. d5 exd5 15. Bxd5 Qc8 16. Bxb7
Qxb7 17. Nxe5 Nxe5 18. Bxe5 Rfe8 19. Qg4 Bf8 20. Rd7 Qc6
21. Bc3 Red8 22. Rfd1 Rxd7 23. Qxd7 Qxd7 24. Rxd7 a5 25. Bd4
b5 26. Kf1 a4 27. Ke2 b4 28. Rc7 g6 29. Bc5 Bg7 30. Bxb4 Bxb2
31. a3 Be5 32. Re7 Bg7 33. Rb7 Bf8 34. Bxf8 Kxf8 35. Rb4 Kg7
36. Kd3 g5 37. Kc3 h5 38. f4 gxf4 39. Rxf4 Re8 40. Rxa4 Re2
41. Rh4 Rxg2 42. Rxh5 Kg6 43. Rh3 Ra2 44. Kb4 f5 45. a4 f4
46. a5 Kf5 47. Kb5 Ke4 48. a6 f3 49. Rh8 Rb2+ 50. Kc6 Rc2+
51. Kb7 Rb2+ 52. Kc6 Rc2+ 53. Kb7 Rb2+ 54. Kc6 Rc2+ 1/2-1/2

[Event "5th Karpov Trophy Prelim"]
[Site "Cap d'Agde FRA"]
[Date "2016.10.24"]
[EventDate "2016.10.21"]
[Round "7.1"]
[Result "1-0"]
[White "Matthieu Cornette"]
[Black "Marie Sebag"]
[WhiteElo "2599"]
[BlackElo "2488"]
[PlyCount "63"]

1. e4 c5 2. Nc3 a6 3. Nge2 d6 4. g3 Nc6 5. Bg2 g6 6. d4 cxd4
7. Nxd4 Bg7 8. Be3 Bd7 9. Nd5 Rb8 10. O-O e6 11. Nxc6 bxc6
12. Nc3 Qc7 13. Qd3 Ne7 14. Rab1 a5 15. Rfd1 Nc8 16. Na4 c5
17. b3 c4 18. Qd2 c3 19. Qe1 Bxa4 20. bxa4 Rxb1 21. Rxb1 Qc4
22. Bf1 Qxe4 23. Bb5+ Kf8 24. Bd7 Qa8 25. Qe2 d5 26. Bc5+ Ne7
27. Bd6 Bf6 28. Rb8+ Qxb8 29. Bxb8 Kg7 30. Be5 Nf5 31. Bxf6+
Kxf6 32. Qf3 1-0

[Event "5th Karpov Trophy Prelim"]
[Site "Cap d'Agde FRA"]
[Date "2016.10.24"]
[EventDate "2016.10.21"]
[Round "8.1"]
[Result "0-1"]
[White "Marie Sebag"]
[Black "Anatoly Karpov"]
[WhiteElo "2488"]
[BlackElo "2628"]
[PlyCount "84"]

1. e4 e5 2. Nf3 Nc6 3. Bc4 Bc5 4. c3 Nf6 5. d3 O-O 6. O-O d6
7. Nbd2 a6 8. Bb3 h6 9. h3 Ba7 10. Re1 Re8 11. Nf1 Be6 12. Ng3
d5 13. Qe2 dxe4 14. dxe4 Bxb3 15. axb3 Qe7 16. Nh4 Qe6 17. b4
Ne7 18. Nhf5 Nxf5 19. Nxf5 Kh7 20. b5 axb5 21. Bd2 Bb6
22. Rad1 Ra4 23. b4 Ra2 24. Qxb5 Rd8 25. Be3 Rxd1 26. Rxd1
Nxe4 27. Bxb6 Qxf5 28. Be3 Nxf2 29. Qd7 Nxh3+ 30. Kh2 Qxd7
31. Rxd7 Nf4 32. Bxf4 exf4 33. Rxc7 f5 34. Rxb7 f3 35. Kg1
Rxg2+ 36. Kf1 Rc2 37. Rc7 h5 38. Rc4 g5 39. b5 g4 40. Rf4 Rxc3
41. Rxf5 Kg6 42. Rf8 Rb3 0-1